00385 a2200145 4500003000400000005001700004008004100021020001800062040000900080082002000089100002000109245007000129260002600199300001400225OSt20250710121802.0250524b |||||||| |||| 00| 0 eng d a9789354246197 coclc a658.472 bKUM/B aKumar, Dinesh U aBusiness Analytics:bThe Science of Data-Driven Decision Making / bWiley,aIndia:c2022. a623 pages